Fr. Conceicao Rodrigues College of Engineering

The oldman and his God (Record no. 28468)

MARC details
000 -LEADER
fixed length control field 00292nam a2200145Ia 4500
100 ## - MAIN ENTRY--PERSONAL NAME
Personal name Sudha Murthy
245 ## - TITLE STATEMENT
Title The oldman and his God
260 ## - PUBLICATION, DISTRIBUTION, ETC.
Name of publisher, distributor, etc. Penquin books
Place of publication, distribution, etc. Mumbai
Date of publication, distribution, etc. 2006
366 ## - TRADE AVAILABILITY INFORMATION
Publishers's discount category 20
300 ## - PHYSICAL DESCRIPTION
Extent 131
546 ## - LANGUAGE NOTE
Language note ENGLISH
650 ## - SUBJECT ADDED ENTRY--TOPICAL TERM
Topical term or geographic name entry element Ficiton
942 ## - ADDED ENTRY ELEMENTS (KOHA)
Koha item type BOOK
Holdings
Withdrawn status Lost status Damaged status Not for loan Collection Home library Current library Date acquired Source of acquisition Cost, normal purchase price Inventory number Total Checkouts Full call number Barcode Date due Date last seen Date last checked out Cost, replacement price Price effective from Koha item type
        CRC Fr. Agnel's C.Rodrigues College of Engineering Fr. Agnel's C.Rodrigues College of Engineering 17/03/2023 Book Sense 120.00 83 dt 19/09/2008 3 18995 17/09/2026 19/06/2026 19/06/2026 150.00   BOOK